Dopasuj państwo do miasta - Europa #2 - Statystyki

Ogólne statystyki
  • Ten quiz został rozwiązany 207 razy
  • Średni wynik to 10 z 15
Statystyki odpowiedzi
Miasto Państwo % Poprawnych
Porto Portugalia
96%
Liverpool Wielka Brytania
95%
Kiszyniów Mołdawia
88%
Nantes Francja
83%
Żory Polska
83%
Linz Austria
82%
Tromsø Norwegia
81%
Astana Kazachstan
77%
Murmańsk Rosja
74%
Mohylew Białoruś
59%
Nowy Sad Serbia
55%
Espoo Finlandia
51%
Nikšić Czarnogóra
44%
Drammen Norwegia
31%
Serravalle San Marino
22%
Nie znaleziono quizów pasujących do podanych kryteriów
Rozkład punktacji
Procent ludzi z każdym wynikiem
Percentyl według liczby udzielonych odpowiedzi
Twoja historia wyników
Nie rozwiązałeś tego quizu